Mathématiques: analyse
Saved in:
| Main Authors: | , |
|---|---|
| Format: | Book |
| Language: | French |
| Published: |
París
Armand Colin
1967
|
| Subjects: | |
| Tags: |
Add Tag
No Tags, Be the first to tag this record!
|
MARC
| LEADER | 00000nam a2200000 a 4500 | ||
|---|---|---|---|
| 001 | UCW1706 | ||
| 003 | CL-VaPUC | ||
| 008 | 930106e19670000FR |||||||||||||||||fre|d | ||
| 082 | 0 | 4 | |a 515 |b LES |2 21 |
| 100 | |a Lesieur, Léonce |e author |9 564006 | ||
| 700 | |a Lefebvre, Jean |e author |9 564007 | ||
| 245 | 1 | 0 | |a Mathématiques: analyse |
| 300 | |a 444 p | ||
| 942 | |c BK | ||
| 945 | |d 19930106 00:00:00 | ||
| 260 | |a París |b Armand Colin |c 1967 | ||
| 650 | 0 | |a Análisis matemático |9 260146 | |
| 583 | |a last modification |c 19930106 00:00:00 |k Rodrigo Vera | ||
| 999 | |c 216551 |d 216549 | ||
| 952 | |0 0 |1 0 |4 0 |6 515_000000000000000_LES_1967 |7 0 |8 A |9 202354 |a BIBMAT |b BIBMAT |d 2019-11-14 |i 2694611 |o 515 LES 1967 |p 2694611 |r 2025-01-07 |w 2019-11-14 |y BK |k MAT | ||
| 952 | |0 0 |1 0 |4 0 |6 515_000000000000000_LES_1967 |7 0 |8 A |9 202355 |a BIBMAT |b BIBMAT |d 2019-11-14 |i 269462K |o 515 LES 1967 |p 269462K |r 2025-01-07 |w 2019-11-14 |y BK |k MAT | ||